| 000 | 00866nam a22002417a 4500 | ||
|---|---|---|---|
| 005 | 2009051207547.0 | ||
| 008 | 090512t xxu||||| |||| 00| 0 eng d | ||
| 010 | _aENG-94004 | ||
| 020 |
_a9788120335882 _c295.00 |
||
| 035 | _aEN-77537 | ||
| 037 | _bDBAD / PUB | ||
| 040 |
_adpl _bEnglish |
||
| 082 | _a624.1771 | ||
| 100 | _aGhosh, Karuna Moy | ||
| 245 |
_aFoundation design in practice / _cby Karuna Moy Ghosh |
||
| 260 |
_aNew Delhi _bPHI Learing _c2009 |
||
| 270 |
_aM-97, Connauuht Circus _bNew Delhi _e110001 |
||
| 300 |
_axii, 332p. _c25cm(pbk) |
||
| 500 | _aIncludes index | ||
| 600 | _aFoundation Design in practice | ||
| 942 |
_2ddc _cEN _mGHO _h624.1771 |
||
| 999 |
_c26247 _d26247 |
||